ბათუმის შოთა რუსთაველის სახელმწიფო უნივერსიტეტის ბიბლიოთეკა

უმაღლესი მათემატიკა ტ. II : (ბიბ.ჩანაწერი № 39633)

000 -ლიდერი
ფიქსირებული სიგრძის საკონტროლო ველი 00916nam a2200241Ia 4500
001 - საკონტროლო ნომერი
საკონტროლო ველი 6233
003 - საკონტროლო ნომრის იდენტიფიკატორი
საკონტროლო ველი GE_BSU
005 - ბოლო ოპერაციის თარიღი და დრო
საკონტროლო ველი 20190621143601.0
008 - ფიქსირებული სიგრძის მონაცემთა ელემენტები - ზოგადი ინფორმაცია
ფიქსირებული სიგრძის საკონტროლო ველი 181216s1985||||ge |||||||||||||| ||geo||
040 ## - კატალოგიზაციის წყარო
Transcribing agency GE_BSU
041 ## - ენის კოდი
Language code of text/sound track or separate title geo
080 ## - უნივერსალური ათობითი კლასიფიკაციის ინდექსი
Universal Decimal Classification number 51(075.8) ზ-55
100 ## - მთავარი ჩანაწერი - პიროვნების სახელი
Personal name ზერაგია, პ.
9 (RLIN) 2722
245 ## - ცნობა სათაურის შესახებ
Title უმაღლესი მათემატიკა ტ. II :
Remainder of title სახელმძღვ. /
Statement of responsibility, etc პ. ზერაგია ; რედ. ი. ქარცივაძე
250 ## - გამოცემის ცნობა
Edition statement მესამე შევს. გამოცემა
260 ## - გამოქვეყნების, გავრცელების, და სხვა. ცნობები
Name of publisher, distributor, etc .
264 ## - წარმოების, გამოცემის, დისტრიბუციის და სხვა ცნობები
გამოცემის, წარმოების, დისტრიბუციის... ადგილი თბილისი :
გამოცემის, წარმოების, დისტრიბუციის... სახელწოდება უნ-ტის გამ-ბა,
გამოცემის, წარმოების, დისტრიბუციის... თარიღი 1985.
300 ## - ფიზიკური აღწერა
Extent 389 გვ. ;
Dimensions 22 სმ.
504 ## - BIBLIOGRAPHY, ETC. NOTE
Bibliography, etc ბიბლიოგრ. : გვ.385.
653 ## - INDEX TERM--UNCONTROLLED
Uncontrolled term უმაღლესი მათემატიკა
700 ## - ADDED ENTRY--PERSONAL NAME
Personal name ქარცივაძე, ი.
9 (RLIN) 1599
942 ## - ADDED ENTRY ELEMENTS (KOHA)
Koha item type წიგნი
Source of classification or shelving scheme
ეგზემპლარები
ჩამოწერის სტატუსი დაკარგული ეგზემპლარის სტატუსი კლასიფიკაციის წყარო ან თაროზე გაწყობის სქემა დაზიანების სტატუსი არ გაიცემა მუდმივი მდებარეობა (დაცვის ადგილი) ამჟამინდელი ადგილსამყოფელი თაროზე განთავსების ადგილი შეძენის თარიღი ღირებულება, შესყიდვის ნორმალური ფასი სრული შენახვის შიფრი შტრიხკოდი ბოლო ოპერაციის თარიღი ეგზემპლარის მიმდევრობითი ნომერი (კეტერი?) ფასის ძალაში შესვლის თარიღი ეგზემპლარის სახეობა საჯარო შენიშვნა
          ტექნოლოგიური ფაკულტეტის ბიბლიოთეკა ტექნოლოგიური ფაკულტეტის ბიბლიოთეკა წიგნსაცავი 2018-12-17 1.40 51(075.8) ზ-55 12404 2018-12-17 12404 2018-12-17 წიგნი 1.40 ლ.